Civil engineering : project management / (Record no. 37497)

MARC details
000 -LEADER
fixed length control field 00915nam a2200241 a 4500
008 - FIXED-LENGTH DATA ELEMENTS--GENERAL INFORMATION
fixed length control field 120416s2003 ||||||||||||||||| || u
020 ## - INTERNATIONAL STANDARD BOOK NUMBER
International Standard Book Number 0750657316
050 ## - LIBRARY OF CONGRESS CALL NUMBER
Classification number TA 190 Two
100 ## - MAIN ENTRY--PERSONAL NAME
Personal name Twort, A. C. (Alan Charles), 1920-
245 10 - TITLE STATEMENT
Title Civil engineering : project management /
250 ## - EDITION STATEMENT
Edition statement 4th ed.
260 ## - PUBLICATION, DISTRIBUTION, ETC.
Place of publication, distribution, etc. Oxford :
Name of publisher, distributor, etc. Elsevier Butterworth Heinemann
Date of publication, distribution, etc. 2003.
300 ## - PHYSICAL DESCRIPTION
Extent xii, 263p. : ill.
350 ## - PRICE (NR) (BK AM CF MU VM SE) [OBSOLETE]
Price 0.00
500 ## - GENERAL NOTE
General note Previous ed.: London: Arnold, 1995. Bibliography
650 ## - SUBJECT ADDED ENTRY--TOPICAL TERM
Topical term or geographic name entry element ENGINEERING
650 ## - SUBJECT ADDED ENTRY--TOPICAL TERM
Topical term or geographic name entry element ENGINEERING--MANAGEMENT
650 ## - SUBJECT ADDED ENTRY--TOPICAL TERM
Topical term or geographic name entry element CIVIL ENGINEERING
700 ## - ADDED ENTRY--PERSONAL NAME
Personal name Rees, J. Gordon
856 ## - ELECTRONIC LOCATION AND ACCESS
Uniform Resource Identifier <a href="http://www.loc.gov/catdir/toc/els051/2004351726.html">http://www.loc.gov/catdir/toc/els051/2004351726.html</a>
856 ## - ELECTRONIC LOCATION AND ACCESS
Uniform Resource Identifier <a href="http://www.loc.gov/catdir/description/els051/2004351726.html">http://www.loc.gov/catdir/description/els051/2004351726.html</a>
995 ## - RECOMMENDATION 995 [LOCAL, UNIMARC FRANCE]
-- 0.00
-- CBU-MAIN LIBRARY (Kitwe)
-- 1
-- 24.95
-- AVAILABLE
-- Main Library Open Access Collection
Holdings
Withdrawn status Lost status Source of classification or shelving scheme Damaged status Not for loan Home library Current library Shelving location Date acquired Total Checkouts Full call number Barcode Date last seen Price effective from Koha item type
          CBU-MAIN LIBRARY, KITWE. CBU-MAIN LIBRARY, KITWE.   11/30/2022   TA 190 Two 48568 11/30/2022 11/30/2022 MONOGRAPH